000 00315nam a22001337a 4500
008 170906b xxu||||| |||| 00| 0 eng d
020 _a9780966223064
041 _aeng
080 _a72
100 _a41
101 _aARK
245 _aGENSLER ENTERTAINMENT: THE ART OF PLACEMAKING
_cIANNACCI, A
942 _2udc
_cBK
999 _c26287
_d26287